Los Profesionales entre el desempleo y la emigración

Tallennettuna:
Bibliografiset tiedot
Aineistotyyppi: Teksti
Aiheet:
Tagit: Lisää tagi
Ei tageja, Lisää ensimmäinen tagi!

MARC

LEADER 00000 a a2200000 04500
001 42179
003
040
245 |a Los Profesionales entre el desempleo y la emigración  
650 |a MIGRACION LABORAL  
650 |a TRABAJADORES PROFESIONALES  
650 |a AMERICA LATINA  
773 |g número15 (1977)  
999 |c 33471  |d 33471 
773 0 |0 42391  |9 3965  |a Agencia Latinoamericana de Información, ALAI  |d Quito, Ecuador: ALAI  |o 04230  |t ALAI:  |x 08275564 (Servicio mensual de información y documentación)